[Event "CHI-ch sf qual U1600"]
[Site "Quilpue"]
[Date "2019.11.02"]
[Round "3.2"]
[White "Gasic Merino, Martin Andrei"]
[Black "Ramirez Gomez, Martin"]
[Result "1/2-1/2"]
[WhiteElo "1191"]
[BlackElo "1549"]
[PlyCount "53"]
[EventDate "2019.11.02"]
[EventType "swiss"]
[EventRounds "6"]
[EventCountry "CHI"]
[SourceTitle "EXT 2024"]
[Source "ChessBase"]
[SourceDate "2023.10.10"]
[SourceVersion "1"]
[SourceVersionDate "2023.10.10"]
[SourceQuality "1"]

1. d4 Nf6 2. g3 g6 3. c4 Bg7 4. Nf3 c5 5. d5 b5 6. cxb5 a6 7. bxa6 Bxa6 8. Bg2 d6 9. Nc3 Nbd7 10. 0-0 0-0 11. Qc2 Nb6 12. Rd1 Qb8 13. Rb1 Nfd7 14. e4 Nc4 15. b3 Nce5 16. Ne1 Qa7 17. h3 c4 18. Be3 Qc7 19. f4 Nd3 20. Na4 Nxe1 21. Rxe1 Rfc8 22. bxc4 Qxc4 23. Qb3 Qxb3 24. axb3 Bb5 25. Nb6 Nxb6 26. Bxb6 Ra2 27. Rec1 1/2-1/2

[Event "CHI-ch sf qual U1600"]
[Site "Quilpue"]
[Date "2019.11.02"]
[Round "1.3"]
[White "Rivadeneira Maturana, Benjamin"]
[Black "Ramirez Gomez, Martin"]
[Result "0-1"]
[WhiteElo "1075"]
[BlackElo "1549"]
[PlyCount "86"]
[EventDate "2019.11.02"]
[EventType "swiss"]
[EventRounds "6"]
[EventCountry "CHI"]
[SourceTitle "EXT 2024"]
[Source "ChessBase"]
[SourceDate "2023.10.10"]
[SourceVersion "1"]
[SourceVersionDate "2023.10.10"]
[SourceQuality "1"]

1. e4 c5 2. Bc4 d6 3. Nf3 Nc6 4. Ng5 e6 5. Nf3 g6 6. c3 Bg7 7. d4 cxd4 8. cxd4 Qb6 9. e5 d5 10. Bb3 Nge7 11. Nc3 0-0 12. Be3 Nf5 13. Bg5 Ncxd4 14. Nxd4 Qxd4 15. Qxd4 Nxd4 16. Bf6 Bd7 17. Bxg7 Kxg7 18. 0-0 Rfc8 19. Rfd1 Nxb3 20. axb3 a6 21. Na4 Bxa4 22. bxa4 Rc2 23. Rab1 Rac8 24. b3 Re2 25. Re1 Rd2 26. g3 Rcc2 27. Rf1 Re2 28. Rbe1 f6 29. exf6+ Kxf6 30. Rxe2 Rxe2 31. Rc1 Rb2 32. Rc3 d4 33. Rc7 Rxb3 34. Rxh7 Ke5 35. Kg2 d3 36. Rd7 Ke4 37. h3 Rb4 38. h4 Rd4 39. Rxd4+ Kxd4 40. Kf1 Kc3 41. Ke1 Kc2 42. f3 d2+ 43. Kf2 d1Q 0-1

[Event "CHI-ch U14"]
[Site "Santiago de Chile"]
[Date "2018.10.17"]
[Round "3.3"]
[White "Castellanos Villela, Alejandro1"]
[Black "Ramirez Gomez, Martin"]
[Result "1-0"]
[WhiteElo "1811"]
[BlackElo "1615"]
[PlyCount "93"]
[EventDate "2018.10.16"]
[EventType "swiss"]
[EventRounds "7"]
[EventCountry "CHI"]
[SourceTitle "EXT 2024"]
[Source "ChessBase"]
[SourceDate "2023.10.10"]
[SourceVersion "1"]
[SourceVersionDate "2023.10.10"]
[SourceQuality "1"]

1. e4 c5 2. Nf3 d6 3. d4 cxd4 4. Nxd4 Nf6 5. Nc3 Nc6 6. Bg5 e6 7. Qd2 a6 8. 0-0-0 Qc7 9. Bxf6 gxf6 10. f4 h5 11. g3 Bd7 12. Bg2 0-0-0 13. Kb1 Kb8 14. Qf2 Be7 15. Nxc6+ Bxc6 16. f5 Rc8 17. h4 Qa5 18. Bh3 Qe5 19. Rhe1 Rhg8 20. Re3 Rce8 21. fxe6 fxe6 22. Rd5 exd5 23. exd5 Qd4 24. dxc6 Bd8 25. c7+ Kxc7 26. Re7+ Rxe7 27. Qxd4 Ree8 28. Nd1 Rxg3 29. Bf1 Rge3 30. Kc1 R3e4 31. Qc3+ Kb8 32. Bg2 R4e7 33. Bf3 Bb6 34. Kd2 Bc5 35. Qxf6 Re5 36. c3 Ka7 37. Kc2 a5 38. b3 R8e6 39. Qf4 Re1 40. Qf7 d5 41. Bxd5 R6e2+ 42. Kd3 Re7 43. Qf3 Rd7 44. c4 b5 45. Kc2 b4 46. Qf5 Rde7 47. Qc8 1-0

[Event "Vina del Mar U2000 5th"]
[Site "Vina del Mar"]
[Date "2018.02.10"]
[Round "5.2"]
[White "Ramirez Gomez, Martin"]
[Black "Campos Zambrano, Alexis Andres"]
[Result "1/2-1/2"]
[WhiteElo "1609"]
[BlackElo "1628"]
[PlyCount "134"]
[EventDate "2018.02.09"]
[EventType "swiss"]
[EventRounds "5"]
[EventCountry "CHI"]
[SourceTitle "EXT 2024"]
[Source "ChessBase"]
[SourceDate "2023.10.10"]
[SourceVersion "1"]
[SourceVersionDate "2023.10.10"]
[SourceQuality "1"]

1. e4 c6 2. d4 d5 3. Nc3 dxe4 4. Nxe4 Nf6 5. Nxf6+ exf6 6. h3 Bf5 7. Nf3 Bd6 8. Bc4 0-0 9. 0-0 Re8 10. Be3 Nd7 11. Re1 Nb6 12. Bf1 Nd5 13. c4 Nxe3 14. fxe3 Qd7 15. Qd2 a5 16. a3 Bc7 17. Bd3 Be4 18. Bxe4 Rxe4 19. Qd3 Rae8 20. Nd2 R4e7 21. e4 f5 22. Rad1 fxe4 23. Nxe4 f5 24. Nf6+ gxf6 25. Rf1 Re4 26. d5 cxd5 27. cxd5 Bb6+ 28. Kh1 Rd4 29. Qb3 Qxd5 30. Qxd5+ Rxd5 31. Rxd5 f4 32. Rf5 Bd4 33. Rxa5 Bxb2 34. a4 b6 35. Rb5 Bd4 36. Rb4 Be3 37. Re1 Ra8 38. Rc4 Kf7 39. Re2 Rg8 40. Rc7+ Kg6 41. g3 Kf5 42. gxf4 Kxf4 43. Rc4+ Kf3 44. Re1 Rg3 45. Kh2 Rg2+ 46. Kh1 Rg3 47. Rf1+ Ke2 48. Kh2 Rxh3+ 49. Kxh3 Kxf1 50. Rc2 f5 51. Kg3 f4+ 52. Kf3 Kg1 53. Rg2+ Kh1 54. Rg7 Kh2 55. Rxh7+ Kg1 56. Rg7+ Kf1 57. Rg2 Ke1 58. Re2+ Kd1 59. Rh2 Kc1 60. Ke4 Kb1 61. Re2 Kc1 62. Kf3 Bd2 63. Re6 Be3 64. Re4 Kd2 65. Rb4 Kc3 66. Rxb6 Bxb6 67. Kxf4 Kb4 1/2-1/2

[Event "Vina del Mar Cepa U2000 4th"]
[Site "Vina del Mar"]
[Date "2017.07.22"]
[Round "3.2"]
[White "Aguirre Adaros, Joaquin Antonio"]
[Black "Ramirez Gomez, Martin"]
[Result "0-1"]
[WhiteElo "1821"]
[BlackElo "1586"]
[PlyCount "102"]
[EventDate "2017.07.21"]
[EventType "swiss"]
[EventRounds "5"]
[EventCountry "CHI"]
[SourceTitle "EXT 2024"]
[Source "ChessBase"]
[SourceDate "2023.10.10"]
[SourceVersion "1"]
[SourceVersionDate "2023.10.10"]
[SourceQuality "1"]

1. b3 b6 2. Bb2 Bb7 3. Nf3 Nf6 4. d4 e6 5. e3 Nc6 6. Nbd2 d5 7. c4 Ne4 8. Bd3 f5 9. Rc1 Be7 10. cxd5 exd5 11. Bb5 Qd6 12. Ne5 0-0 13. Bxc6 Bxc6 14. Rxc6 Qd8 15. 0-0 Bh4 16. f4 Bf6 17. Nxe4 fxe4 18. Qc1 Rc8 19. Rf2 Bxe5 20. dxe5 Rf5 21. Qc3 Rh5 22. Qd4 Qh4 23. Qxd5+ Kh8 24. h3 Qg3 25. Qe6 Rd8 26. Rc1 Qxe3 27. Qg4 Rh6 28. f5 Rd2 29. Rcf1 Rxb2 30. f6 gxf6 31. Qc8+ Kg7 32. Qd7+ Kg6 33. Qf5+ Kf7 34. exf6 Qd4 35. Kh2 Rxf2 36. Rxf2 e3 37. Rc2 Qd6+ 38. Kh1 e2 39. Rxe2 Qd1+ 40. Kh2 Qxe2 41. Qd7+ Kxf6 42. Qd8+ Qe7 43. Qh8+ Kf7 44. Qc3 Rf6 45. Qc4+ Kf8 46. b4 Qe5+ 47. Kh1 Qf4 48. Qc3 Rg6 49. Qe1 Qg3 50. Qf1+ Kg7 51. Qe1 Kg8 0-1

[Event "South American-ch U12"]
[Site "Santiago de Chile"]
[Date "2016.12.01"]
[Round "1.13"]
[White "Ramirez Gomez, Martin"]
[Black "Fuentes Barahona, Theodoro"]
[Result "1-0"]
[WhiteElo "1679"]
[BlackElo "1229"]
[PlyCount "65"]
[EventDate "2016.12.01"]
[EventType "swiss"]
[EventRounds "9"]
[EventCountry "CHI"]
[SourceTitle "EXT 2022"]
[Source "ChessBase"]
[SourceDate "2021.10.06"]
[SourceVersion "1"]
[SourceVersionDate "2021.10.06"]
[SourceQuality "1"]

1. e4 c6 2. d4 d5 3. Nc3 dxe4 4. Nxe4 Bf5 5. Ng3 Bg6 6. Nf3 Nd7 7. h4 h6 8. h5 Bh7 9. Bd3 Bxd3 10. Qxd3 Ngf6 11. Bd2 e6 12. 0-0-0 Qc7 13. Qe2 0-0-0 14. Ne5 Nxe5 15. dxe5 Nd5 16. f4 Bb4 17. Bxb4 Nxb4 18. Qc4 Qb6 19. Kb1 Nd5 20. Ne4 Ne3 21. Rxd8+ Rxd8 22. Qe2 Qd4 23. Nd6+ Kb8 24. a3 Qxf4 25. Re1 Nf5 26. Rf1 Qh4 27. Nxf5 exf5 28. Rxf5 Rd7 29. e6 Qe7 30. Rxf7 Kc7 31. Qe5+ Kc8 32. Rxe7 Rxe7 33. Qd6 1-0